000 00310nam a2200121Ia 4500
999 _c13987
_d13987
008 260210s9999 xx 000 0 und d
020 _a9781632387240
082 _a388.0973
100 _aJacob Rowe,
245 0 _aPublic Transportation: Planning, Operations and Management
260 _bNYR
942 _cRD
_2ddc